Planificación, programación y presupuesto de la construcción del puente el Puentecito, ubicado en la comunidad Puerto Viejo, municipio de Waslala, departamento de Matagalpa
En este estudio se analizaron los planos constructivos y en base a ellos se estimaron las cantidades de obra, se analizaron los costos y precios unitarios, así como también se elaboró una programación y estrategia constructiva del puente El Puentecito.
| Main Authors: | , |
|---|---|
| Other Authors: | |
| Format: | Tesis Section = Libro |
| Language: | Undetermined Spanish |
| Published: |
Managua
UNI
2022
|
| Subjects: |
| LEADER | 01186nam a2200277Ia 4500 | ||
|---|---|---|---|
| 008 | 240830s9999 xx 000 0 und d | ||
| 040 | |a BIBLIOTECA-RUPAP/ Mon 690 C828 | ||
| 041 | |a spa | ||
| 082 | |a Mon 690 C828 | ||
| 100 | 1 | |a Cortez, Félix Agusto | |
| 100 | 1 | |b Hernández, Ángel Francisco | |
| 245 | 1 | 0 | |a Planificación, programación y presupuesto de la construcción del puente el Puentecito, ubicado en la comunidad Puerto Viejo, municipio de Waslala, departamento de Matagalpa |
| 260 | |a Managua |b UNI |c 2022 | ||
| 300 | |a 100 p. :il. | ||
| 500 | |a Contiene: anexos y CD. | ||
| 502 | |a Tesis (Ingeniero Civil) - UNI, 2022. | ||
| 520 | 3 | |a En este estudio se analizaron los planos constructivos y en base a ellos se estimaron las cantidades de obra, se analizaron los costos y precios unitarios, así como también se elaboró una programación y estrategia constructiva del puente El Puentecito. | |
| 650 | 7 | |a PROGRAMACION DE OBRA | |
| 650 | 7 | |b PRESUPUESTO | |
| 650 | 7 | |c PLANIFICACION DE OBRA | |
| 650 | 7 | |d COSTOS DE MATERIALES | |
| 650 | 7 | |e CONSTRUCCION DE PUENTES | |
| 700 | 1 | |a Tutor: |b Reyes Pérez, Ana Lisset | |
| 942 | |c BK |2 ddc | ||
| 991 | |a Tesis | ||
| 999 | |c 27689 | ||